书目信息 |
| 题名: |
文化创意产业集聚与发展
|
|
| 作者: | 姚林青 主编 | |
| 分册: | ||
| 出版信息: | 北京 中国传媒大学出版社 2013 |
|
| 页数: | 308页 | |
| 开本: | 24cm | |
| 丛书名: | 文化产业丛书 | |
| 单 册: | ||
| 中图分类: | G127.1 | |
| 科图分类: | ||
| 主题词: | 文化产业--产业发展--研究报告--北京 , 文化产业 , 产业发展 | |
| 电子资源: | ||
| ISBN: | 978-7-5657-0543-4 | |
| 000 | 01434oam2 2200313 450 | |
| 001 | 523 | |
| 005 | 20140909171040.73 | |
| 010 | @a978-7-5657-0543-4@dCNY56.00 | |
| 100 | @a20121225d2013 em y0chiy50 ea | |
| 101 | 0 | @achi |
| 102 | @aCN@b110000 | |
| 105 | @aa z 000yy | |
| 106 | @ar | |
| 200 | 1 | @a文化创意产业集聚与发展@AWen Hua Chuang Yi Chan Ye Ji Ju Yu Fa Zhan@e北京地区研究报告@EBei Jing Di Qu Yan Jiu Bao Gao@dThe agglomeration and development of cultural and creatiue industries@ethe research report of Beijing region@f姚林青主编@FYao Lin Qing Zhu Bian@zeng |
| 210 | @a北京@c中国传媒大学出版社@d2013 | |
| 215 | @a308页@c图@d24cm | |
| 225 | 2 | @a文化产业丛书 |
| 300 | @a北京市自然科学基金项目 | |
| 330 | @a本书采用不同方法测量了北京市文化创意产业的集聚水平,从而将对集聚水平的感性认识和判断上升到精确的数量表达,并进一步验证了产业集聚效应的存在;书中还对影响北京市文化创意产业集聚水平的因素进行了理论和实证分析,对存在的问题提出了建议。 | |
| 461 | 0 | @12001 @a文化产业丛书 |
| 510 | 1 | @aAgglomeration and development of cultural and creative industries@ethe research report of Beijing region@zeng |
| 517 | 1 | @a北京地区研究报告@ABei Jing Di Qu Yan Jiu Bao Gao |
| 606 | 0 | @a文化产业@x产业发展@x研究报告@y北京 |
| 606 | 0 | @a文化产业 |
| 606 | 0 | @a产业发展 |
| 690 | @aG127.1@v5 | |
| 701 | 0 | @a姚林青@AYao Lin Qing@c(女,@f1964~)@4主编 |
| 801 | 0 | @aCN@bTANGWEI@c20140603 |
| 905 | @b0840392-94@dG127.1@e145@f3 | |
| 文化创意产业集聚与发展:北京地区研究报告=The agglomeration and development of cultural and creatiue industries:the research report of Beijing region/姚林青主编.-北京:中国传媒大学出版社,2013 |
| 308页:图;24cm.-(文化产业丛书) |
| 北京市自然科学基金项目 |
| ISBN 978-7-5657-0543-4:CNY56.00 |
| 本书采用不同方法测量了北京市文化创意产业的集聚水平,从而将对集聚水平的感性认识和判断上升到精确的数量表达,并进一步验证了产业集聚效应的存在;书中还对影响北京市文化创意产业集聚水平的因素进行了理论和实证分析,对存在的问题提出了建议。 |
| ● |
| 相关链接 |
|
|
|
|
正题名:文化创意产业集聚与发展
索取号:G127.1/145
 
预约/预借
| 序号 | 登录号 | 条形码 | 馆藏地/架位号 | 状态 | 备注 |
| 1 | 0840392 | 208403921 | 第一样本阅览室/ [索取号:G127.1/145] | 在馆 | |
| 2 | 0840393 | 208403930 | 第四借阅区/ [索取号:G127.1/145] | 在馆 | |
| 3 | 0840394 | 208403949 | 第四借阅区/ [索取号:G127.1/145] | 在馆 |